College Quizbowl Stats
College Quizbowl Stats
Circuits
Seasons
Sets
Records
Detailed Stats
About
Loading...
2024 ARGOS @ Columbia
Tossups
Bonuses
Players
Teams
Categories (Tossup)
Categories (Bonus)
Fierro Grey
NYU A
Categories
Category
Powers
Gets
Negs
BBs
Points
Earliest Buzz
Avg. Buzz
First Buzzes
Top 3 Buzzes
BPA
PVF
Fine Arts - Other
0
1
0
1
10
161
161.00
0
1
0.00
0.00
Social Science
0
1
0
1
10
128
128.00
0
1
0.00
0.00
Fine Arts - Auditory
0
1
2
1
0
149
149.00
0
1
0.00
0.00
Buzzes
Category
Answer
Value
Buzz Position
Fine Arts - Auditory
“A Mighty Fortress Is Our God”
-5
125
Social Science
motivation
10
128
Fine Arts - Auditory
Antonin Dvořák’s Cello Concerto in B minor, op. 104
10
149
Fine Arts - Auditory
Joaquin
-5
156
Fine Arts - Other
Hong Kong policeman
10
161
Previous
1
Next